Highest Scrabble Score Quiz Stats

Quiz Updated Feb 22, 2012

Challenge
Share
Tweet
Embed
Score 0/20 Timer 05:00
0 Plays Today
Hint % Correct
Days of the WeekWednesday
94.4%
Four SeasonsSummer
92.8%
Numbers 1-10Five or Six
91.9%
World's OceansPacific
89.9%
Colors of the RainbowYellow
88.2%
Months of the YearJanuary
78.7%
Great LakesMichigan
75.7%
Planets of the Solar SystemJupiter
74.4%
Seven DwarfsSneezy
69.5%
Santa's ReindeerBlitzen
63.3%
Hint % Correct
South American CountriesVenezuela
55.5%
Signs of the ZodiacAquarius
35.5%
Cluedo weaponsCandlestick
29.7%
3 Letter Body PartsJaw
27.5%
One Word European CountrySwitzerland
27.2%
Pac-Man GhostsBlinky
26.6%
Noble GasesKrypton
23.9%
U.S. Presidents (Last Name only)Jefferson
23.4%
U.S. StatesNew Hampshire
20.2%
Chinese Zodiac AnimalsMonkey
16.6%

You're not logged in!

Compare scores with friends on all Sporcle quizzes.
Sign Up with Email
OR
Log In

You Might Also Like...

Show Comments

Extras

Top Quizzes Today


Score Distribution

Your Account Isn't Verified!

In order to create a playlist on Sporcle, you need to verify the email address you used during registration. Go to your Sporcle Settings to finish the process.